000 00312nam a2200133 4500
999 _c9599
_d9599
003 OSt
005 20210705120535.0
008 210705b ||||| |||| 00| 0 eng d
020 _a9783869224268
082 _a720.943852
_bSZC
100 _aSzczelina, Marcin
245 _aArchitectural guide Wrocław
942 _2ddc